Statistics for Korean Trivia 1

Click here to take the quiz!

General Stats

  • This quiz has been taken 25 times
  • The average score is 4 of 9

Answer Stats

HintAnswer% Correct
Capital of South KoreaSeoul
100%
Capital of North KoreaPyongyang
83%
Current leader of North KoreaKim Jong Un
79%
National sport of South KoreaTaekwondo
58%
South most piece of land of KoreaJeju
46%
Current president of South KoreaMoon Jae In
46%
National sport of North KoreaWrestling
8%
Tallest mountain on the peninsulaPaektusan
0%
Kim Jong Uns favorite foodSwiss cheese
0%

Score Distribution

Percentile by Number Answered

Percent of People with Each Score

Your Score History

You have not taken this quiz